书目信息 |
| 题名: |
电子技术基础实验
|
|
| 作者: | 何金茂 主编 | |
| 分册: | ||
| 出版信息: | 北京 高等教育出版社 1991.04 |
|
| 页数: | 232页 | |
| 开本: | 16开 | |
| 丛书名: | ||
| 单 册: | ||
| 中图分类: | TN-33 | |
| 科图分类: | ||
| 主题词: | 无线电电子学 , 通信技术 | |
| 电子资源: | ||
| ISBN: | 7-04-002631-7 | |
| 000 | 00547nam0 2200205 45 | |
| 001 | 0009191624 | |
| 005 | 20031219104046.0 | |
| 010 | @a7-04-002631-7@dCNY11.60 | |
| 100 | @a20000919d1991 km y0chiy0120 ea | |
| 101 | 0 | @achi |
| 105 | @a z 000yy | |
| 200 | 1 | @a电子技术基础实验@f何金茂主编@FHe Jin Mao Zhu Bian |
| 210 | @a北京@c高等教育出版社@d1991.04 | |
| 215 | @a232页@d16开 | |
| 606 | 0 | @a无线电电子学 |
| 606 | 0 | @a通信技术 |
| 690 | @aTN-33@v3 | |
| 701 | 0 | @a何金茂@4主编 |
| 801 | @aCN@bTSTC@c20000925 | |
| 905 | @b290420-424@dTN-33@e85=2@f5 | |
| 电子技术基础实验/何金茂主编.-北京:高等教育出版社,1991.04 |
| 232页;16开 |
| ISBN 7-04-002631-7:CNY11.60 |
| ● |
| 相关链接 |
|
|
|
|
正题名:电子技术基础实验
索取号:TN-33/85=2
 
预约/预借
| 序号 | 登录号 | 条形码 | 馆藏地/架位号 | 状态 | 备注 |
| 1 | 0290420 | 002904209 | 第三借阅区/ [索取号:TN-33/85=2] | 在馆 | |
| 2 | 0290421 | 002904218 | 第三借阅区/ [索取号:TN-33/85=2] | 在馆 | |
| 3 | 0290422 | 002904227 | 第三借阅区/ [索取号:TN-33/85=2] | 在馆 | |
| 4 | 0290423 | 002904236 | 第三借阅区/ [索取号:TN-33/85=2] | 在馆 | |
| 5 | 0290424 | 002904245 | 第二样本阅览室/ [索取号:TN-33/85=2] | 在馆 |